| Tag |
First Indicator |
Second Indicator |
Subfields |
| LEADER |
00000cam a2200000Ia 4500 |
| 001 |
in00002393521 |
| 005 |
20151109084329.0 |
| 008 |
080130s2007 txuab b s000 0 eng d |
| 020 |
|
|
|a 1930788630
|
| 020 |
|
|
|a 9781930788633
|
| 035 |
|
|
|a (OCoLC)191700238
|
| 035 |
|
|
|a (OCoLC)ocn191700238
|
| 040 |
|
|
|a IKM
|c IKM
|d TXA
|d UtOrBLW
|
| 043 |
|
|
|a n-us-tx
|
| 049 |
|
|
|a TXAM
|
| 086 |
|
|
|a A1900.7 P422 NO.3000
|2 txdocs
|
| 090 |
|
|
|a F392.W66
|b C36 2007
|
| 100 |
1 |
|
|a Campbell, John A.
|
| 245 |
1 |
0 |
|a Archeological investigations of additional properties in Segment A of the proposed State Highway 130 in Williamson and Travis counties, Texas /
|c principal investigator, James W. Karbula ; written by John A. Campbell, James W. Karbula and Matthew C. Stotts ; with contributions from Rachel Feit [and others].
|
| 246 |
1 |
7 |
|a Archeological investigations of Segment A of proposed State Highway 130
|
| 264 |
|
1 |
|a Austin, Tex. :
|b Hicks & Company,
|c [2007]
|
| 300 |
|
|
|a xi, 102 pages :
|b illustrations, maps ;
|c 28 cm.
|
| 336 |
|
|
|a text
|b txt
|2 rdacontent
|
| 337 |
|
|
|a unmediated
|b n
|2 rdamedia
|
| 338 |
|
|
|a volume
|b nc
|2 rdacarrier
|
| 490 |
1 |
|
|a Hicks & Company archeology series ;
|v no. 169
|
| 490 |
1 |
|
|a Archeological studies program, report ;
|v no. 95
|
| 500 |
|
|
|a "Texas Antiquities [Committee] permit # 3000."
|
| 500 |
|
|
|a "CSJ: 0015-08-114, 0440-05-004, 0440-05-005, 0440-06-004."
|
| 500 |
|
|
|a "August 2007."
|
| 500 |
|
|
|a "Prepared for Lone Star Infrastructure."
|
| 504 |
|
|
|a Includes bibliographical references (pages 67-69).
|
| 650 |
|
0 |
|a Archaeological surveying
|z Texas
|z Williamson County.
|
| 650 |
|
0 |
|a Archaeological surveying
|z Texas
|z Travis County.
|
| 651 |
|
0 |
|a Williamson County (Tex.)
|x Antiquities.
|
| 651 |
|
0 |
|a Travis County (Tex.)
|x Antiquities.
|
| 700 |
1 |
|
|a Karbula, James W.,
|d 1961-
|
| 700 |
1 |
|
|a Stotts, Matthew C.
|
| 700 |
1 |
|
|a Feit, Rachel.
|
| 710 |
2 |
|
|a Texas Antiquities Committee.
|
| 710 |
2 |
|
|a Hicks & Company.
|
| 710 |
2 |
|
|a Lone Star Infrastructure.
|
| 710 |
1 |
|
|a Texas.
|b Department of Transportation.
|b Archeology Studies Program.
|
| 830 |
|
0 |
|a Archeology series (Austin, Tex.) ;
|v no. 169.
|
| 830 |
|
0 |
|a Report (Texas. Department of Transportation. Archeology Studies Program) ;
|v no. 95.
|
| 948 |
|
|
|a cataloged
|b h
|c 20080722
|d c
|e xxie
|
| 994 |
|
|
|a C0
|b TXA
|
| 999 |
|
|
|a MARS
|
| 999 |
f |
f |
|s 56a83a28-9db7-342f-accb-df7c9db80dc0
|i c877fcb3-10e5-34cb-983f-0d01b846fc40
|t 0
|
| 952 |
f |
f |
|p ric
|a Texas A&M University
|b Rellis Campus
|c Joint Library Facility
|d Remote Storage
|t 0
|e F392.W66 C36 2007
|h Library of Congress classification
|i unmediated -- volume
|m A14837187979
|
| 998 |
f |
f |
|a F392.W66 C36 2007
|t 0
|l Remote Storage
|